00309nam a2200121Ia 4500008004100000040001700041041001200058082001600070100001500086245003000101260004500131300001100176230917s9999||||xx |||||||||||||| ||und|| e106998aMAIN aEnglish a362.7 W893R aWorld Bank 0aReaching out to the child aNew DelhibOxford University Pressc2004 a132 p.